[Event "36th World U20 ch"]
[Site "Zagan POL"]
[Date "1997.07.27"]
[Round "13.21"]
[White "Goloschapov, Alexander"]
[Black "Bunzmann, Dimitrij"]
[Result "1-0"]
[WhiteElo "2400"]
[BlackElo "2370"]
[EventDate "1997.07.14"]
[PlyCount "85"]

1.e4 c5 2.Nf3 Nc6 3.d4 cxd4 4.Nxd4 e5 5.Nb5 d6 6.c4 Be6 7.N1c3 a6 8.Na3 
Be7 9.Be2 Bg5 10.O-O Bxc1 11.Rxc1 Nf6 12.Nc2 O-O 13.Qd2 Rc8 14.Rfd1 Qb6 
15.b4 Rfd8 16.Nd5 Bxd5 17.exd5 Ne7 18.Na1 a5 19.bxa5 Qa7 20.Rb1 Nf5 21.Rb6
Nd4 22.Bd3 Nd7 23.Rxd6 Qc5 24.Rxd7 Rxd7 25.Nb3 Qd6 26.Nxd4 exd4 27.Bf5 
Rxc4 28.Qe2 Rc8 29.Bxd7 Qxd7 30.Rxd4 Qe7 31.Kf1 Qc5 32.Rd1 Qxa5 33.Kg1 h6 
34.d6 Qa4 35.d7 Rd8 36.h3 Kf8 37.Qd2 Kg8 38.Kh2 Qe4 39.Qd6 b5 40.a3 Qe2 
41.Rc1 Kh7 42.Rc8 Rxd7 43.Qxd7 1-0

[Event "36th World U20 ch"]
[Site "Zagan POL"]
[Date "1997.07.27"]
[Round "13.22"]
[White "Tikhonov, Yury"]
[Black "Ibraev, Nurlan"]
[Result "1-0"]
[WhiteElo "2415"]
[BlackElo "2320"]
[EventDate "1997.07.14"]
[PlyCount "91"]

1.d4 d5 2.c4 dxc4 3.Nc3 Nf6 4.Bg5 a6 5.a4 Nc6 6.Nf3 h6 7.Bf4 g5 8.Bg3 Bg7 
9.e3 Be6 10.Be2 O-O 11.h4 g4 12.Nd2 Na5 13.Be5 c5 14.dxc5 Qc8 15.Bd4 Rd8 
16.O-O Bf5 17.Qe1 Qc7 18.f4 gxf3 19.Nxf3 Ng4 20.Bxg7 Kxg7 21.e4 Bg6 22.Kh1
h5 23.Nd5 Qxc5 24.Ng5 Nc6 25.Bxg4 hxg4 26.Qc3+ Qd4 27.Qg3 Rd6 28.Qxg4 Rxd5
29.Rxf7+ Bxf7 30.Ne6+ Kh7 31.Nxd4 Rxd4 32.Rf1 Rf8 33.Rf5 Rd6 34.e5 Rg6 35.
Qf4 Kg7 36.h5 Rh6 37.g4 Bd5+ 38.Kg1 Rxf5 39.Qxf5 Be6 40.Qg5+ Kh7 41.Kf2 b5
42.Qf4 Bd5 43.Kg3 Re6 44.Qf7+ Kh8 45.h6 Rxh6 46.Qxd5 1-0

[Event "36th World U20 ch"]
[Site "Zagan POL"]
[Date "1997.07.27"]
[Round "13.23"]
[White "Bates, Richard"]
[Black "Ho, Andrew"]
[Result "0-1"]
[WhiteElo "2345"]
[BlackElo "2340"]
[EventDate "1997.07.14"]
[PlyCount "64"]

1.d4 g6 2.e4 Bg7 3.c4 d6 4.Nc3 e5 5.d5 f5 6.exf5 gxf5 7.c5 Ne7 8.cxd6 cxd6
9.Qh5+ Ng6 10.Bb5+ Kf8 11.Nf3 a6 12.Ba4 f4 13.Ng5 Bf6 14.Qh6+ Kg8 15.Nxh7 
Bf5 16.Qh5 Nh4 17.Nxf6+ Qxf6 18.Qe2 Nxg2+ 19.Kf1 Qg6 20.Rg1 Rxh2 21.Bxf4 
Nxf4 22.Rxg6+ Bxg6 23.Qf3 Rh3 24.Qxh3 Nxh3 25.Rc1 Nf4 26.Nd1 Bf5 27.Rc7 b5
28.Bc2 Bxc2 29.Rxc2 Nd7 30.Ne3 Nb6 31.Nf5 Nbxd5 32.Nxd6 Nb4 0-1

[Event "36th World U20 ch"]
[Site "Zagan POL"]
[Date "1997.07.27"]
[Round "13.25"]
[White "Gershon, Alik"]
[Black "Bircher, Roland"]
[Result "1-0"]
[WhiteElo "2420"]
[BlackElo "2185"]
[EventDate "1997.07.14"]
[PlyCount "87"]

1.e4 c5 2.Nf3 d6 3.d4 cxd4 4.Nxd4 Nf6 5.Nc3 g6 6.Be3 Bg7 7.f3 O-O 8.Qd2 
Nc6 9.O-O-O Nxd4 10.Bxd4 Be6 11.Kb1 Qc7 12.g4 Rfc8 13.h4 Qa5 14.Qg5 Qxg5 
15.hxg5 Nd7 16.Bxg7 Kxg7 17.Rh4 Nb6 18.f4 Rc5 19.Bg2 Rac8 20.f5 Bd7 21.Rf1
Rh8 22.f6+ Kf8 23.Nd5 Nxd5 24.exd5 Rc4 25.b3 Rd4 26.Re1 exf6 27.gxf6 Rf4 
28.Re7 Be8 29.Rxb7 a5 30.Rb8 Rxf6 31.g5 Rf2 32.Be4 Kg7 33.a3 Rf1+ 34.Kb2 
Rg1 35.b4 Rxg5 36.bxa5 Bd7 37.Rxh8 Kxh8 38.a6 Bc8 39.a7 Bb7 40.Bh1 Re5 41.
Rb4 Re7 42.Ka2 Bxd5+ 43.Bxd5 Rxa7 44.Rb7 1-0

[Event "36th World U20 ch"]
[Site "Zagan POL"]
[Date "1997.07.27"]
[Round "13.26"]
[White "Kelly, Brian"]
[Black "Schneider, Stefan"]
[Result "1/2-1/2"]
[WhiteElo "2390"]
[BlackElo "2305"]
[EventDate "1997.07.14"]
[PlyCount "20"]

1.c4 e6 2.Nc3 Bb4 3.Qc2 Nf6 4.a3 Bxc3 5.Qxc3 O-O 6.g3 a5 7.Bg2 a4 8.Nf3 
Nc6 9.O-O d6 10.d3 e5 1/2-1/2

[Event "36th World U20 ch"]
[Site "Zagan POL"]
[Date "1997.07.27"]
[Round "13.27"]
[White "Vesterbak Pedersen, Nicolai"]
[Black "Carrasco Martinez, Juan Manuel"]
[Result "0-1"]
[WhiteElo "2300"]
[BlackElo "2280"]
[EventDate "1997.07.14"]
[PlyCount "76"]

1.d4 Nf6 2.c4 c5 3.d5 b5 4.cxb5 a6 5.bxa6 g6 6.Nc3 Bxa6 7.g3 d6 8.Bg2 Bg7 
9.Nh3 Nbd7 10.O-O O-O 11.Qc2 Ra7 12.Rb1 Qa8 13.b3 Rb8 14.Rd1 Rab7 15.Bd2 
c4 16.Be3 cxb3 17.axb3 Rc7 18.Qd2 Qb7 19.Bd4 Qb4 20.Na4 Rcb7 21.Qa2 Ng4 
22.Bxg7 Kxg7 23.Qa1+ Ngf6 24.Nf4 Ne5 25.Nc3 Ra7 26.e3 Qb7 27.Qb2 g5 28.Nh3
Bd3 29.Rbc1 Nc4 30.Qa1 Rxa1 31.Rxa1 Qxb3 32.Rxd3 Ne5 33.Rdd1 Qxc3 34.Rac1 
Qb2 35.Nxg5 Nd3 36.Ra1 Qxf2+ 37.Kh1 Qxe3 38.Ra3 Nf2+ 0-1

[Event "36th World U20 ch"]
[Site "Zagan POL"]
[Date "1997.07.27"]
[Round "13.29"]
[White "Moreira Romero, Jairo"]
[Black "Rezan, Sasa"]
[Result "0-1"]
[WhiteElo "2200"]
[BlackElo "2250"]
[EventDate "1997.07.14"]
[PlyCount "76"]

1.c4 Nf6 2.Nc3 g6 3.Nf3 Bg7 4.g3 O-O 5.Bg2 d6 6.O-O c5 7.d4 Nc6 8.e3 Bg4 
9.h3 Bxf3 10.Bxf3 Nd7 11.d5 Na5 12.Be2 Nb6 13.h4 Nbxc4 14.h5 Rb8 15.Kg2 b5
16.Rb1 Qd7 17.Rh1 b4 18.Na4 Qf5 19.Ra1 b3 20.Rh4 Rb4 21.e4 Qd7 22.axb3 
Nxb3 23.Ra2 Rfb8 24.hxg6 hxg6 25.Bg4 Qe8 26.Bh6 Bf6 27.Nc3 Nxb2 28.Rxb2 
Bxc3 29.Ra2 Bf6 30.Rh3 Rxe4 31.Rxa7 Rd4 32.Qf3 Nd2 33.Bxd2 Rxd2 34.Rc7 Bd4
35.Rh1 Rxf2+ 36.Qxf2 Bxf2 37.Kxf2 Rb2+ 38.Kf3 f5 0-1

[Event "36th World U20 ch"]
[Site "Zagan POL"]
[Date "1997.07.27"]
[Round "13.32"]
[White "Blehm, Pawel"]
[Black "Bae, Torstein"]
[Result "1/2-1/2"]
[WhiteElo "2400"]
[BlackElo "2200"]
[EventDate "1997.07.14"]
[PlyCount "84"]

1.e4 Nf6 2.e5 Nd5 3.d4 d6 4.Nf3 dxe5 5.Nxe5 g6 6.Nd2 Bg7 7.Ndf3 O-O 8.c4 
Nb6 9.Be2 N8d7 10.Bf4 Nxe5 11.Bxe5 Bxe5 12.Nxe5 Nd7 13.Qd2 Nxe5 14.dxe5 
Qxd2+ 15.Kxd2 Be6 16.Kc3 f6 17.Bf3 c6 18.Rhe1 Kf7 19.Re3 Rad8 20.Rae1 Rfe8
21.b4 Rd7 22.a4 f5 23.Rd1 Rxd1 24.Bxd1 b6 25.Bf3 c5 26.Bd5 cxb4+ 27.Kxb4 
Rc8 28.Rh3 h5 29.Rd3 Bxd5 30.Rxd5 Ke6 31.f4 Rc7 32.h4 Rd7 33.Rxd7 Kxd7 34.
Kb5 Kc7 35.Ka6 Kb8 36.c5 bxc5 37.Kb5 Kc7 38.Kxc5 e6 39.Kb5 Kb7 40.Kc5 Kc7 
41.a5 Kd7 42.Kb5 Kc7 1/2-1/2

[Event "36th World U20 ch"]
[Site "Zagan POL"]
[Date "1997.07.27"]
[Round "13.33"]
[White "Szabo, Zsolt Jozsef"]
[Black "Pihlajasalo, Hannu"]
[Result "1/2-1/2"]
[WhiteElo "2435"]
[BlackElo "2185"]
[EventDate "1997.07.14"]
[PlyCount "52"]

1.d4 Nf6 2.c4 g6 3.Nc3 Bg7 4.e4 d6 5.Nge2 O-O 6.Ng3 c5 7.d5 e6 8.Be2 exd5 
9.cxd5 a6 10.a4 Re8 11.O-O h5 12.Bg5 Qc7 13.Qd2 Nh7 14.Bh6 Bd4 15.Be3 Bg7 
16.f3 Nd7 17.Nh1 Ne5 18.Nf2 f5 19.Kh1 Qe7 20.Rae1 Bd7 21.h3 h4 22.f4 Nf7 
23.Bd3 Qf8 24.exf5 gxf5 25.Qd1 Nf6 26.Bd2 Nh8 1/2-1/2

[Event "36th World U20 ch"]
[Site "Zagan POL"]
[Date "1997.07.27"]
[Round "13.35"]
[White "Blanco Acevedo, Cristobal Jose"]
[Black "Putka, Verners"]
[Result "1-0"]
[WhiteElo "2090"]
[BlackElo "2220"]
[EventDate "1997.07.14"]
[PlyCount "65"]

1.c4 e6 2.Nc3 c5 3.Nf3 b6 4.d4 cxd4 5.Nxd4 Bb7 6.Bf4 a6 7.e4 Bb4 8.Bd3 Qf6
9.Ne2 Nc6 10.O-O Nge7 11.Bg3 O-O 12.a3 Bc5 13.b4 Bd4 14.Nxd4 Qxd4 15.Ne2 
Qf6 16.Bc2 Bc8 17.Qd6 e5 18.Qxf6 gxf6 19.Rad1 b5 20.Bd3 Kg7 21.f4 d6 22.
cxb5 axb5 23.Bxb5 Rxa3 24.Rxd6 Nxb4 25.fxe5 fxe5 26.Bxe5+ Kg8 27.Bc4 Nbc6 
28.Bf6 Ra4 29.Bd3 Be6 30.Bb5 Ra2 31.Nc3 Na7 32.Nxa2 Nxb5 33.Rxe6 1-0

[Event "36th World U20 ch"]
[Site "Zagan POL"]
[Date "1997.07.27"]
[Round "13.36"]
[White "Guthrie, David"]
[Black "Morrison,  Graham"]
[Result "1/2-1/2"]
[WhiteElo "2140"]
[BlackElo "2325"]
[EventDate "1997.07.14"]
[PlyCount "38"]

1.d4 d5 2.c4 c6 3.Nc3 Nf6 4.cxd5 cxd5 5.Bf4 Nc6 6.e3 e6 7.Nf3 Be7 8.Bd3 
Nh5 9.Bg3 f5 10.Rc1 O-O 11.Nd2 Nf6 12.a3 Bd7 13.b4 Ne4 14.f3 Nxc3 15.Rxc3 
Bh4 16.Bxh4 Qxh4+ 17.g3 Qd8 18.f4 Rc8 19.Qc2 a6 1/2-1/2

[Event "36th World U20 ch"]
[Site "Zagan POL"]
[Date "1997.07.27"]
[Round "13.38"]
[White "Kucumenler, Tarkan"]
[Black "Zerdo, Mirza"]
[Result "1/2-1/2"]
[WhiteElo "2035"]
[BlackElo "2175"]
[EventDate "1997.07.14"]
[PlyCount "53"]

1.e4 c6 2.d4 d5 3.Nd2 dxe4 4.Nxe4 Nd7 5.Nf3 Ngf6 6.Ng3 e6 7.Bd3 c5 8.O-O 
cxd4 9.Nxd4 Bc5 10.Nb3 Bb6 11.Qe2 O-O 12.Be3 Bxe3 13.Qxe3 Qb6 14.Qxb6 Nxb6
15.Nd2 Nbd5 16.c3 b6 17.Nde4 Bb7 18.Nxf6+ Nxf6 19.Rad1 Rfd8 20.f3 Bd5 21.
c4 Bb7 22.Bc2 Kf8 23.Rxd8+ Rxd8 24.Rd1 Ke7 25.Kf2 Nd7 26.Ke3 Ne5 27.Be4 
1/2-1/2